zpět

Detail výsledku týmu

Limbo, Brno

Datum a čas kvízu

29.5 Celkem bodů Celkový počet nahraných bodů na tomto kvízu bez doplňovacích otázek.
4. Pořadí na kvízu Konečné umístění týmu na tomto kvízu.

Zaznamenané odpovědi

# Otázka Odpověď Body Výsledky
1. Bývalá pražská primátorka Adri... C) detektivní román 0
2. Princ Harry a jeho manželka Me... megxit 1
3. V pondělí jsme se dozvěděli, k... 1917, Tenkrát v Hollywoodu 1
4. Skupina Kofola oznámila po krá... (F. H.) Prager 0
5. 36letá bývalá světová jednička... Kim Clijstersová 0
6. Rožnovský tým Kačeři vyhrál mo... Dave Gahan 1
7. Která skladba "Depešáků" je ne... Enjoy the Silence 1
8. Podle čeho si tato kapela vybr... B) podle časopisu 1
9. Gary Numan, Ultravox, Devo...... synthpop / synthrock 1
10. Depešáci ovlivnili řadu hudebn... Shalom 0